European Cities by Letter - I - Statistics

General Stats
  • This quiz has been taken 38 times
  • The average score is 5 of 16
Answer Stats
Clue City % Correct
The only city in Austria to have hosted the Olympics Innsbruck
94%
Northernmost city in the United Kingdom Inverness
89%
Straddles the border of what is considered Europe and Asia Istanbul
80%
One of the oldest towns in England Ipswich
66%
Home to the oldest university in Romania Iași
49%
Where the novel 'Frankenstein' is primarily set Ingolstadt
34%
Located at the north end of the Sauerland near the Ruhr river Iserlohn
23%
Greek town known for its silverwork Ioannina
20%
Major Russian centre for textile production Ivanovo
20%
Known as the "Armory Capital of Russia" Izhevsk
20%
Spanish town on the border with France Irun
17%
Originally built as a fortress for Polish nobles Ivano-Frankivsk
11%
Belgian town historically known for shoe and brush making Izegem
6%
Centre of the food processing industry in Ukraine Izmail
6%
Founded in 1932 as an oil extraction settlement Izberbash
3%
Known for its saltwater baths and salt mines Inowrocław
0%
No matching quizzes found
Score Distribution
Percent of People with Each Score
Percentile by Number Answered
Your Score History
You have not taken this quiz